5HLuxD.jpg

KING HENRY VIII SENIOR AND PRIMARY SCHOOL LIBRARY OPAC

Fetch-22 / (Record no. 3448)

000 -LEADER
fixed length control field 01403cam a2200313 ab4500
001 - CONTROL NUMBER
control field 2342873
003 - CONTROL NUMBER IDENTIFIER
control field OSt
005 - DATE AND TIME OF LATEST TRANSACTION
control field 20240120151134.0
008 - FIXED-LENGTH DATA ELEMENTS--GENERAL INFORMATION
fixed length control field 211213s2019 nyua j 000 0 eng d
020 ## - INTERNATIONAL STANDARD BOOK NUMBER
International Standard Book Number 9781338323214
Qualifying information (hbk.) :
040 ## - CATALOGING SOURCE
Language of cataloging eng
Modifying agency TCPL
-- KH8
Description conventions aacr2
Transcribing agency TCPL
042 ## - AUTHENTICATION CODE
Authentication code nbic
082 0# - DEWEY DECIMAL CLASSIFICATION NUMBER
Classification number 741.5973 PIL
100 1# - MAIN ENTRY--PERSONAL NAME
Personal name Pilkey, Dav,
Dates associated with a name 1966-
Relator term Author
245 10 - TITLE STATEMENT
Title Fetch-22 /
Statement of responsibility, etc. written and illustrated by Dav Pilkey as George Beard and Harold Hutchins with color by Jose Garibaldi.
246 30 - VARYING FORM OF TITLE
Title proper/short title Fetch-22.
260 ## - PUBLICATION, DISTRIBUTION, ETC.
Place of publication, distribution, etc. New York :
Name of publisher, distributor, etc. Graphix, an imprint of Scholastic,
Date of publication, distribution, etc. 2019.
300 ## - PHYSICAL DESCRIPTION
Extent 237 p. :
Other physical details chiefly ill. ;
Dimensions 22 cm.
490 1# - SERIES STATEMENT
Series statement Dog man ;
Volume/sequential designation 8.
520 ## - SUMMARY, ETC.
Summary, etc. Petey the Cat is out of jail, and he has a brand-new lease on life. While Petey's reevaluated what matters most, Li'l Petey is struggling to find the good in the world. Can Petey and Dog Man stop fighting like cats and dogs long enough to put their paws together and work as a team? They need each other now more than ever, Li'l Petey (and the world) is counting on them!
600 00 - SUBJECT ADDED ENTRY--PERSONAL NAME
Personal name Dog Man
Titles and other words associated with a name (Fictitious character)
Form subdivision Comic books, strips, etc.
650 #0 - SUBJECT ADDED ENTRY--TOPICAL TERM
Topical term or geographic name entry element Dogs
Form subdivision Comic books, strips, etc.
650 #0 - SUBJECT ADDED ENTRY--TOPICAL TERM
Topical term or geographic name entry element Cats
Form subdivision Comic books, strips, etc.
650 #0 - SUBJECT ADDED ENTRY--TOPICAL TERM
Topical term or geographic name entry element Police
Form subdivision Comic books, strips, etc.
650 #0 - SUBJECT ADDED ENTRY--TOPICAL TERM
Topical term or geographic name entry element Children's stories.
700 1# - ADDED ENTRY--PERSONAL NAME
Personal name Garibaldi, Jose.
Relator term Illustrator
830 #0 - SERIES ADDED ENTRY--UNIFORM TITLE
Uniform title Dog Man ;
Volume/sequential designation 8.
942 ## - ADDED ENTRY ELEMENTS (KOHA)
Source of classification or shelving scheme
Koha item type Books - Fiction
Holdings
Withdrawn status Lost status Source of classification or shelving scheme Damaged status Not for loan Collection code Permanent Location Current Location Shelving location Date acquired Total Checkouts Total Renewals Full call number Barcode Date last seen Date last checked out Price effective from Koha item type Date due
          Fiction KH8 Primary School Library KH8 Primary School Library Non Fiction 2024-01-20 40 1 741.5973 PIL KHPL000004394 2026-04-17 2026-04-10 2024-01-20 Books - Fiction  
          Non-Fiction KH8 Primary School Library KH8 Primary School Library Non Fiction 2024-11-26 21 1 741.5973 PIL KHPL000004663 2026-04-17 2026-04-17 2024-11-26 Books - Fiction 2026-04-27

Powered By KH8 IT Dept